000
00289nam a22001217a 4500
005
20170724122318.0
008
170724b xxu||||| |||| 00| 0 eng d
041
_a
eng
100
_a
Topnoo,Paulush
_9
3880
245
_a
Chotanagpur ke Adiwasi
260
_b
Satya Bharti Prakashan
942
_c
BK
999
_c
5497
_d
5495